Loading...
| History - American | 2 | 3 | 0 | 1 | 60 | 49 | 81.60 | 1 | 3 | 0.00 | 0.00 |
| Current Events | 2 | 3 | 0 | 1 | 60 | 38 | 74.60 | 1 | 2 | 0.00 | 0.00 |
| Social Science | 0 | 5 | 0 | 2 | 50 | 113 | 135.60 | 0 | 0 | 0.00 | 0.00 |
| Other Academic | 0 | 4 | 0 | 2 | 40 | 84 | 118.25 | 0 | 2 | 0.00 | 0.00 |
| Mythology | 1 | 2 | 0 | 0 | 35 | 22 | 95.33 | 1 | 1 | 0.00 | 0.00 |
| Religion | 0 | 3 | 0 | 1 | 30 | 97 | 115.00 | 0 | 2 | 0.00 | 0.00 |
| Science - Physics | 0 | 3 | 0 | 1 | 30 | 92 | 116.33 | 0 | 1 | 0.00 | 0.00 |
| History - European | 0 | 3 | 0 | 1 | 30 | 113 | 122.00 | 0 | 0 | 0.00 | 0.00 |
| Science - Chemistry | 0 | 2 | 0 | 0 | 20 | 135 | 136.00 | 0 | 1 | 0.00 | 0.00 |
| History - Other | 0 | 2 | 0 | 1 | 20 | 137 | 139.50 | 0 | 0 | 0.00 | 0.00 |
| History - World | 0 | 3 | 2 | 3 | 20 | 142 | 147.33 | 0 | 0 | 0.00 | 0.00 |
| Fine Arts - Painting and Sculpture | 0 | 2 | 1 | 2 | 15 | 130 | 144.00 | 0 | 0 | 0.00 | 0.00 |
| Geography | 1 | 1 | 2 | 1 | 15 | 88 | 111.00 | 0 | 1 | 0.00 | 0.00 |
| Fine Arts - Other | 0 | 2 | 1 | 1 | 15 | 129 | 129.50 | 0 | 1 | 0.00 | 0.00 |
| Science - Biology | 1 | 1 | 2 | 0 | 15 | 53 | 80.00 | 2 | 2 | 0.00 | 0.00 |
| Literature - Misc | 0 | 1 | 0 | 0 | 10 | 115 | 115.00 | 0 | 0 | 0.00 | 0.00 |
| Fine Arts - Classical Music | 0 | 1 | 0 | 1 | 10 | 143 | 143.00 | 0 | 1 | 0.00 | 0.00 |
| Literature - Long Fiction | 0 | 0 | 0 | 0 | 0 | 0.00 | 0 | 0 | 0.00 | 0.00 | |
| Science - Other | 0 | 0 | 1 | 0 | -5 | 0.00 | 0 | 0 | 0.00 | 0.00 |